Statistiques concernant Clips du top 50 de l'année 2007

Cliquez ici pour prendre le quiz!

Statistiques générales

  • Ce quiz a été pris 165 fois
  • Le résultat moyen est 6 sur 8

Statistiques - réponses

Réponse% Correct
Fatal Bazooka & Yelle - Parle à ma main
95%
Koxie - Garçon
87%
Mylène Farmer - Déshabillez-moi
86%
Yannick Noah - Destination ailleurs
86%
Christophe Maé - Parce qu'on sait jamais
82%
Vitaa - A fleur de toi
70%
Faudel - Mon pays
55%
Superbus - Lola
53%

Distribution des résultats

Percentile par nombre de réponses

% des personnes avec chaque résultat

Votre développement - résultats

Vous n’avez pas pris ce quiz